| 000 | 00454nam a22001577a 4500 | ||
|---|---|---|---|
| 005 | 20241218171445.0 | ||
| 008 | 241218b |||||||| |||| 00| 0 eng d | ||
| 020 | _a9780340938829 | ||
| 050 | _aQP141 WEB | ||
| 100 | _aWebb, Geoffrey P. | ||
| 245 |
_aNutrition/ _ba health promotion approach _cGeoffrey P. Webb |
||
| 250 | _a3rd ed. | ||
| 260 |
_aLondon _bHodder Arnold _c2008 |
||
| 300 |
_axii.594p. _bill. some color _c24.5cm |
||
| 942 |
_2lcc _cBK _e3rd ed. _n0 |
||
| 999 |
_c2449 _d2449 |
||